<?xml version="1.0" encoding="UTF-8"?><?xml-stylesheet type="text/xsl" href="static/style.xsl"?><OAI-PMH xmlns="http://www.openarchives.org/OAI/2.0/" xmlns:xsi="http://www.w3.org/2001/XMLSchema-instance" xsi:schemaLocation="http://www.openarchives.org/OAI/2.0/ http://www.openarchives.org/OAI/2.0/OAI-PMH.xsd"><responseDate>2026-06-01T09:44:14Z</responseDate><request verb="GetRecord" identifier="oai:riuma.uma.es:10630/40499" metadataPrefix="marc">https://riuma.uma.es/rest/oai/request</request><GetRecord><record><header><identifier>oai:riuma.uma.es:10630/40499</identifier><datestamp>2026-02-03T11:09:28Z</datestamp><setSpec>com_10630_2254</setSpec><setSpec>col_10630_37953</setSpec></header><metadata><record xmlns="http://www.loc.gov/MARC21/slim" xmlns:dcterms="http://purl.org/dc/terms/" xmlns:doc="http://www.lyncode.com/xoai" xmlns:xsi="http://www.w3.org/2001/XMLSchema-instance" xsi:schemaLocation="http://www.loc.gov/MARC21/slim http://www.loc.gov/standards/marcxml/schema/MARC21slim.xsd">
   <leader>00925njm 22002777a 4500</leader>
   <datafield ind2=" " ind1=" " tag="042">
      <subfield code="a">dc</subfield>
   </datafield>
   <datafield ind2=" " ind1=" " tag="720">
      <subfield code="a">Abul Naga, Ramses H</subfield>
      <subfield code="e">author</subfield>
   </datafield>
   <datafield ind2=" " ind1=" " tag="260">
      <subfield code="c">2025</subfield>
   </datafield>
   <datafield ind2=" " ind1=" " tag="520">
      <subfield code="a">One large class of relations used in the measurement of social welfare and risk consists of relations induced by finitely generated cones. Within this class, we develop a general approach to investigate the ordering of distributions. We provide an equivalence between the statement that distributions x and y are ordered, and (1) the possibility of expressing x - y as a positive combination of a subset of linearly independent vectors from the generators of the cone, (2) the existence of a relation defined on a simplicial cone such that x and y are ordered by this latter relation, (3) the existence of a generalized inverse G of the matrix whose columns generate the cone, such that the product of G and the vector x - y results in a non-negative vector. We illustrate the results in the context of a discrete version of the cone of inframodular transfers.</subfield>
   </datafield>
   <datafield ind1="8" ind2=" " tag="024">
      <subfield code="a">Abul Naga, R.H. (2025). Ordering distributions on a finitely generated cone. Social Choice Welfare</subfield>
   </datafield>
   <datafield ind1="8" ind2=" " tag="024">
      <subfield code="a">https://hdl.handle.net/10630/40499</subfield>
   </datafield>
   <datafield ind1="8" ind2=" " tag="024">
      <subfield code="a">10.1007/s00355-025-01620-y</subfield>
   </datafield>
   <datafield tag="653" ind2=" " ind1=" ">
      <subfield code="a">Economía matemática</subfield>
   </datafield>
   <datafield tag="653" ind2=" " ind1=" ">
      <subfield code="a">Toma de decisiones</subfield>
   </datafield>
   <datafield ind2="0" ind1="0" tag="245">
      <subfield code="a">Ordering distributions on a finitely generated cone</subfield>
   </datafield>
</record>
</metadata></record></GetRecord></OAI-PMH>